000 01414nam a2200349 c 4500
003 BLK
005 20230821141141.0
008 180411b bul|||||r ||||||| ||bul||
010 _aKNG00195039000
020 _a978-954-28-2151-9
_bиздат.: Сиела Норма
040 _aBLK
041 _aBUL
_cBUL
072 7 _2bullib
_aН83
_xЧужда художествена литература Н
080 _aНемска литература
_b821.112.2
_x-31
_z821.112.2-31
100 1 _aМонтасер, Томас
_eпърви автор
_998973
700 _aДянков, Алеко Кръстанов
_9381694
139 _aМонтасер, Томас
_bМ 87
245 1 0 _aМосю Жан в преследване на щастието
_bРоман
_cТомас Монтасер; прев. от нем. Алеко Кръстанов Дянков.
257 _aDEU
260 София
_bСиела Норма
_c2016
_fСофия : Алианс принт
300 _a191 с.
_c21 см
380 _aX
500 _aОриг. загл. Monsieur Jean und sein gespur fur Gluck / Thomas Montasser.
653 _aромани
659 _aН
852 _aЦб 282990
856 4 _qpdf
_u
856 4 _qpdf
_u
942 _cKNG
_n0
_010
944 _aCR
_c03.11.2016
_lГеновева Генчева
_k30560
944 _aED
_c16.11.2016
_lф /
_kЛюдмила_Стоянова
999 _c186045
_d186045